000 00536nam a22001937a 4500
003 koha_MIRAKIL
005 20231213100155.0
008 231213b |||||||| |||| 00| 0 ||| d
020 _b978-6-05-374639-3
040 _aTR-IsEVY
_btur
_cTR-IsEVY
082 _aFIC GOB/B
100 _aGobet, Sandra.
245 0 _aBaşımızda kuşlar
260 _bFinal Kültür Sanat Yayınları,
_c2015
300 _a37 s.
650 _aChildren's literature -- Short stories.
650 _aÇocuk edebiyatı -- Hikayeler.
942 _2ddc
_cBK
999 _c15704
_d15704